|
|
|
|
| LEADER |
00000nam a22000007a 4500 |
| 005 |
20150812220914.0 |
| 007 |
cr|||| |||| |
| 008 |
150812s2014 es |||||s|||| 00||0 spa d |
| 020 |
|
|
|a 978-84-942-709-5-6
|
| 035 |
|
|
|a 12825
|
| 040 |
|
|
|a vLex
|
| 090 |
|
|
|c 5525
|d 5525
|
| 100 |
1 |
|
|a Colina Ramr̕ez, Edgar Ivǹ
|
| 245 |
1 |
0 |
|a Sobre la legitimacin̤ del derecho penal del riesgo
|h [Recurso electrn̤ico] /
|c Edgar Ivǹ Colina Ramr̕ez
|
| 256 |
|
|
|a Servicio en ln̕ea
|
| 260 |
|
|
|a Barcelona:
|b J.M. Bosch Editor,
|c 2014
|
| 300 |
|
|
|a 1 recurso electrn̤ico
|
| 500 |
|
|
|a ¿Es legt̕imo el Derecho penal del riesgo?, desde hace algunas dčadas se ha discutido acaloradamente si el Derecho penal del riesgo, resulta legt̕imo a la las luces de un Derecho penal liberal, no obstante poco se ha dicho sobre que parm̀etros se debe establecer para determinar dicha legitimidad o no; pues resulta obvio que las caracters̕ticas que envuelven al Derecho penal del riesgo son diferentes al llamado ±Derecho penal cls̀ico», por lo que tratar de evaluarlo n︢icamente bajo este cariz y sin tomar en consideracin̤ sus peculiaridades, resulta un desacierto. En la presente obra se aborda de manera clara y expositiva cuales son los lineamientos que se deben tomar para poder establecer la legitimidad del Derecho penal del riesgo, ello bajo la teora̕ de la criminalizacin̤ propuesta por el jurista y fils̤ofo norteamericano Husak; pues una vez que se analicen tanto los lm̕ites internos como externos exigidos por dicha teora̕, se llegar ̀a la conclusin̤ que el Derecho penal del riesgo no sl̤o es legt̕imo sino tambiň necesario en la sociedad moderna.
|
| 506 |
1 |
|
|a Disponible solo en los productos indicados
|d vLex Global
|d vLex Global (Academic Edition, excluding Law Schools)
|d vLex Global (U.S. Academic Edition, Law Schools)
|d vLex Global (U.S. Academic Edition, excluding Law Schools)
|d vLex Global (Academic Edition, Law Schools)
|
| 650 |
0 |
4 |
|a Derecho Penal
|z Espaą
|
| 740 |
0 |
|
|a vLex Libros (Servicio en ln̕ea)
|
| 856 |
4 |
0 |
|u http://vlex.com/source/sobre-la-legitimacion-del-derecho-penal-del-riesgo-12825
|z Acceso restringido
|
| 942 |
|
|
|c BOOK
|
| 999 |
0 |
|
|a Criminal Law
|